000 00607nam a2200229Ia 4500
003 OSt
005 20220918210822.0
006 a|||||r|||| 00| 0
007 ta
008 220917b |||||||| |||| 00| 0 eng d
024 _a122,182
037 _cTextual
040 _aARTS
_cARTS
_beng
041 _2eng
_aeng
082 _aV8:30X:N6, K7
100 _aMaxwell James A
_9119320
245 0 _aCommonwealth state financial relations in Australia
260 _aNA
_bNA
_c1967
650 _aHISTORY
942 _hV8:30X:N6, K7
_cTEXL
_2CC
999 _c245374
_d245374